Score 0/20 Timer 03:00
2 Plays Today
Film 9-Letter Word % Correct
_________ at Tiffany'sBreakfast
94%
_________ in SeattleSleepless
92.1%
The Sisterhood of the _________ PantsTraveling
83.4%
Water for _________Elephants
78.6%
Maid in _________Manhattan
78.3%
The World _________ to GarpAccording
74.5%
My Bloody _________ 3DValentine
73.5%
Dog Day _________Afternoon
67.7%
Ella _________Enchanted
66.2%
Yellow _________Submarine
65.4%
Film 9-Letter Word % Correct
Finding _________Neverland
50.4%
_________ ExpressPineapple
49.9%
The _________ StrainAndromeda
47.3%
_________ VacationChristmas
42.9%
The Unbearable _________ of BeingLightness
36.8%
Wes Craven's New _________Nightmare
25.9%
The American _________President
23.2%
_________ NewsBroadcast
23%
Thunderbolt and _________Lightfoot
23%
Guilty by _________Suspicion
6.6%

Today's Daily Dose

Remove Ads.
Support Sporcle.
Get the best of Sporcle when you Go Orange. This ad-free experience offers more features, more stats, and more fun while also helping to support Sporcle. Thank you for becoming a member.

You're not logged in!

Compare scores with friends on all Sporcle quizzes.
OR
Log In

Show Comments

Extras

Top Quizzes Today


Score Distribution

Your Account Isn't Verified!

In order to create a playlist on Sporcle, you need to verify the email address you used during registration. Go to your Sporcle Settings to finish the process.

Report this User

Report this user for behavior that violates our Community Guidelines.

Details: